ESSENTIALS OF ORTHOPAEDICS & APPLIED PHYSIOTHERAPY (Record no. 1489)

MARC details
000 -LEADER
fixed length control field 00367nam a2200145Ia 4500
008 - FIXED-LENGTH DATA ELEMENTS--GENERAL INFORMATION
fixed length control field 150201s2004 xx 000 0 und d
082 ## - DEWEY DECIMAL CLASSIFICATION NUMBER
Classification number 617.3
Item number E04J
100 ## - MAIN ENTRY--PERSONAL NAME
Personal name JOSHI , JAYANT
245 ## - TITLE STATEMENT
Title ESSENTIALS OF ORTHOPAEDICS & APPLIED PHYSIOTHERAPY
250 ## - EDITION STATEMENT
Edition statement 1ST
260 ## - PUBLICATION, DISTRIBUTION, ETC. (IMPRINT)
Name of publisher, distributor, etc. ELSVIER
Place of publication, distribution, etc. INDIA
Date of publication, distribution, etc. 2004
300 ## - PHYSICAL DESCRIPTION
Extent 1-592
650 ## - SUBJECT ADDED ENTRY--TOPICAL TERM
Topical term or geographic name as entry element ORTHOPEDICS
942 ## - ADDED ENTRY ELEMENTS (KOHA)
Source of classification or shelving scheme Dewey Decimal Classification
Koha item type Books
Koha issues (borrowed), all copies 61
Holdings
Withdrawn status Lost status Source of classification or shelving scheme Damaged status Not for loan Collection code Home library Current library Shelving location Date acquired Source of acquisition Cost, normal purchase price SGTU Total Checkouts Full call number Barcode Date last seen Date last checked out Bill Date Koha item type Total Renewals
    Dewey Decimal Classification     MEDICAL SGT Medical Library SGT Medical Library Text Book 20/03/2013 UBS DELHI 525.00 SGTU 15 617.3 E04J FM5376 10/09/2025 19/08/2025 20/03/2013 Books  
    Dewey Decimal Classification     MEDICAL SGT Medical Library SGT Medical Library Text Book 20/03/2013 UBS DELHI 525.00 SGTU 37 617.3 E04J FM5377 08/10/2024 20/09/2024 20/03/2013 Books 1
    Dewey Decimal Classification     MEDICAL SGT Medical Library SGT Medical Library Text Book 20/03/2013 UBS DELHI 525.00 SGTU 30 617.3 E04J FM5378 31/07/2023 17/07/2023 20/03/2013 Books  
    Dewey Decimal Classification     MEDICAL SGT Medical Library SGT Medical Library Text Book 20/03/2013 UBS DELHI 525.00 SGTU   617.3 E04J FM5379 09/02/2015   20/03/2013 Books